01013cam a2200289 a 4500999001300000001000800013003000500021005001700026008004100043010001700084020001500101040001800116050002300134082002000157100003300177245004800210260005000258300003300308500000800341504005100349650001900400650005400419856008900473906004500562942001800607952009800625 c124d1244473961Nust20171206102724.0961011s1997 paua b 001 0 eng  a 96061583  a1566764785 aDLCcDLCdDLC00aTD796.5b.E67 199700a631.875 EPS2211 aEpstein, Eliot,d1929-9697314aThe science of composting /cEliot Epstein. aLancaster, Pa. :bTechnomic Pub. Co.,cc1997. axv, 487 p. :bill. ;c24 cm. aH.B aIncludes bibliographical references and index. 0aCompost.96974 0aRefuse and refuse disposalxBiodegradation.96975423Publisher descriptionuhttp://www.loc.gov/catdir/enhancements/fy0744/96061583-d.html a7bcbccorignewd2eopcnf19gy-gencatlg 2ddccBKkIESE 00102ddc40708NFICaIESEbIESEcGENd2017-12-06l0o631.875 EPSpIESE-1080r2016-12-21yBK